000 00980cam a22002533a 4500
001 6695
003 PGUSA
005 20140828083135.0
008 041001s2004||||xxu|||||s|||||000 1 eng d
040 _aPGUSA
_beng
042 _adc
050 4 _aPS
100 1 _aFitzgerald, F. Scott
_q(Francis Scott),
_d1896-1940
245 1 0 _aTales of the Jazz Age
_h[electronic resource] /
_cF. Scott Fitzgerald
260 _bProject Gutenberg,
_c2004
505 0 _aThe jelly-bean -- The camel's back -- May Day -- Porcelain and pink -- The diamond as big as the Ritz -- The curious case of Benjamin Button -- Tarquin of Cheapside -- "O Russet witch!" -- The lees of happiness -- Mr. Icky -- Jemina.
506 _aPublic domain in the USA.
516 _aElectronic text
653 _aUnited States -- Social life and customs -- 20th century -- Fiction
653 _aShort stories
830 0 _aProject Gutenberg
_v6695
856 4 0 _uhttp://www.gutenberg.org/ebooks/6695
942 _cEB
999 _c236015
_d236015